Przecinki - Statystyki

Ogólne statystyki
  • Ten quiz został rozwiązany 6 razy
  • Średni wynik to 11 z 22
Statystyki odpowiedzi
Hits Odpowiedź % Poprawnych
14 ale
100%
3 bo
100%
11 gdzie
100%
12 jak
100%
8 kto
100%
2 ponieważ
100%
1 że
100%
4 aby
50%
5 choć
50%
22 dlatego
50%
16 jednak
50%
15 lecz
50%
21 toteż
50%
19 więć
50%
20 zatem
50%
9 co
0%
6 czy
0%
7 jeżeli
0%
10 komu
0%
17 natomiast
0%
13 tam
0%
18 zaś
0%
Nie znaleziono quizów pasujących do podanych kryteriów
Rozkład punktacji
Procent ludzi z każdym wynikiem
Percentyl według liczby udzielonych odpowiedzi
Twoja historia wyników
Nie rozwiązałeś tego quizu